India's armies and their costs: a century of unequal imposts for an army of occupation and a mercenary army (Record no. 436689)

000 -LEADER
fixed length control field 00410cam a22001217a 4500
008 - FIXED-LENGTH DATA ELEMENTS--GENERAL INFORMATION
fixed length control field 180718b1946 xxu||||| |||| 00| 0 eng d
082 ## - DEWEY DECIMAL CLASSIFICATION NUMBER
Classification number N12x54 Su72
100 ## - MAIN ENTRY--PERSONAL NAME
Personal name Sundaram, Lanka
245 ## - TITLE STATEMENT
Title India's armies and their costs: a century of unequal imposts for an army of occupation and a mercenary army
Statement of responsibility, etc. by Lanka Sundaram
260 ## - PUBLICATION, DISTRIBUTION, ETC.
Place of publication, distribution, etc. Bombay
Name of publisher, distributor, etc. Avanti Prakashan
Date of publication, distribution, etc. 1946
300 ## - PHYSICAL DESCRIPTION
Extent 256p.
650 ## - SUBJECT ADDED ENTRY--TOPICAL TERM
Topical term or geographic name entry element Army --India
Holdings
Withdrawn status Lost status Damaged status Not for loan Permanent Location Current Location Date acquired Full call number Barcode Date last seen Price effective from Koha item type
        Indian Institute of Public Administration Indian Institute of Public Administration 2010-03-09 N12x54 Su72 7036 2018-07-21 2018-07-21 Book

Powered by Koha